000 00547nam a2200193Ia 4500
003 GCL
008 140319s9999 xx 000 0 ara d
040 _aGCL /
_cGCL
082 0 4 _a813.6
_bع ر
100 1 _aعلى الراعى
245 1 0 _aالرواية فى الوطن العربى /
_cعلى الراعى
260 _a[S.N] :
_bدار المستقبل العربى ،
_c1991
300 _a691 ص
490 _a
650 0 4 _aالادب العربى
650 0 4 _aالقصص
650 0 4 _aالقصة العربية
942 _2ddc
_cBK
999 _c55468
_d55468